Kpop aespa - Statistiques

Statistiques générales
  • Ce quiz a été pris 499 fois
    58 depuis la dernière actualisation
  • Le résultat moyen est 9 sur 17
Statistiques - réponses
Par images Réponse % Correct
Drama
87%
Whiplash
84%
Supernova
82%
Spicy
78%
Girls
71%
Savage
69%
Armageddon
60%
Black mamba
60%
Dirty Work
58%
Rich Man
58%
Better things
42%
Dreams come true
33%
Forever
33%
Hot Mess
29%
Life's too short
24%
Live my life
20%
Welcome To MY World
18%
Aucun quiz correspondant
Distribution des résultats
% des personnes avec chaque résultat
Percentile par nombre de réponses
Votre historique - résultats
Vous n’avez pas pris ce quiz depuis la dernière actualisation